| 000 | 00860nam a22002057a 4500 | ||
|---|---|---|---|
| 008 | 090528t xxu||||| |||| 00| 0 eng d | ||
| 020 | _a9780702027796 | ||
| 020 | _a0702027790 | ||
| 082 |
_222 _a610.7307155 _bDRI |
||
| 100 |
_aDriscoll, John, _95609 |
||
| 245 |
_aPractising Clinical Supervision : _bA Reflective Approach for Healthcare Professionals / _cJohn Driscoll ; foreword by Tania Yagdich. |
||
| 250 | _a2nd ed. | ||
| 260 |
_aEdinburgh : _bBailliè€re Tindall Elsevier, _cc2007. |
||
| 300 |
_axi, 249 p. ; _c25 cm. |
||
| 504 | _aIncludes bibliographical references and index. | ||
| 650 |
_aMedical personnel _xSupervision of. _95610 |
||
| 700 |
_aYegdich, Tania _95611 |
||
| 942 |
_2ddc _cBB |
||
| 999 |
_c11688 _d11688 |
||